<?xml version="1.0" encoding="UTF-8"?><?xml-stylesheet type="text/xsl" href="static/style.xsl"?><OAI-PMH xmlns="http://www.openarchives.org/OAI/2.0/" xmlns:xsi="http://www.w3.org/2001/XMLSchema-instance" xsi:schemaLocation="http://www.openarchives.org/OAI/2.0/ http://www.openarchives.org/OAI/2.0/OAI-PMH.xsd"><responseDate>2026-04-18T23:27:51Z</responseDate><request verb="GetRecord" identifier="oai:riubu.ubu.es:10259/9805" metadataPrefix="marc">https://riubu.ubu.es/oai/request</request><GetRecord><record><header><identifier>oai:riubu.ubu.es:10259/9805</identifier><datestamp>2024-12-19T01:05:22Z</datestamp><setSpec>com_10259.4_2543</setSpec><setSpec>com_10259_5086</setSpec><setSpec>com_10259_2604</setSpec><setSpec>col_10259.4_2544</setSpec></header><metadata><record xmlns="http://www.loc.gov/MARC21/slim" xmlns:doc="http://www.lyncode.com/xoai" xmlns:xsi="http://www.w3.org/2001/XMLSchema-instance" xmlns:dcterms="http://purl.org/dc/terms/" xsi:schemaLocation="http://www.loc.gov/MARC21/slim http://www.loc.gov/standards/marcxml/schema/MARC21slim.xsd">
<leader>00925njm 22002777a 4500</leader>
<datafield tag="042" ind1=" " ind2=" ">
<subfield code="a">dc</subfield>
</datafield>
<datafield tag="720" ind1=" " ind2=" ">
<subfield code="a">Alonso Martínez, Laura</subfield>
<subfield code="e">author</subfield>
</datafield>
<datafield tag="720" ind1=" " ind2=" ">
<subfield code="a">Heras Sevilla, Davinia</subfield>
<subfield code="e">author</subfield>
</datafield>
<datafield tag="720" ind1=" " ind2=" ">
<subfield code="a">Fernández Hawrylak, María</subfield>
<subfield code="e">author</subfield>
</datafield>
<datafield tag="720" ind1=" " ind2=" ">
<subfield code="a">Forrest, Simon</subfield>
<subfield code="e">author</subfield>
</datafield>
<datafield tag="260" ind1=" " ind2=" ">
<subfield code="c">2021-04</subfield>
</datafield>
<datafield tag="520" ind1=" " ind2=" ">
<subfield code="a">Background: Negative attitudes towards sexual minorities are widespread in our society. The Scale of Negative Attitudes towards Transgender people (EANT) has been tested in Spanish-speaking countries in order to assess its applicability as a measure of harmful predispositions towards trans individuals. Understanding these predispositions is important because of transformations in the rights of people in terms of respect for gender diversity. (2) Methods: For the validation of this scale, an online survey was developed and distributed to 362 UK university students aged 18 to 45 years (M = 21.43, SD = 3.42). The sample was randomly divided in half, carrying out the exploratory factor analysis for the first 180 students and performing the confirmatory factor analysis for the remaining 182. (3) Results: The validation of this unifactorial instrument in English was obtained, with a high internal consistency (α = 0.810) that suggests high applicability to measuring this construct, as well as showing expected relationships with typical variables (HATH, TIBS, gender, sexual orientation, religion and education). (4) Conclusions: This study assesses attitudinal tendencies and reveals how sexual prejudice is still implicit in our societies and makes the stigmatisation and discrimination of trans people visible. These findings support the development of strategies to tackle these predispositions.</subfield>
</datafield>
<datafield tag="024" ind2=" " ind1="8">
<subfield code="a">2071-1050</subfield>
</datafield>
<datafield tag="024" ind2=" " ind1="8">
<subfield code="a">http://hdl.handle.net/10259/9805</subfield>
</datafield>
<datafield tag="024" ind2=" " ind1="8">
<subfield code="a">10.3390/su13073760</subfield>
</datafield>
<datafield tag="024" ind2=" " ind1="8">
<subfield code="a">2071-1050</subfield>
</datafield>
<datafield ind1=" " ind2=" " tag="653">
<subfield code="a">Negative attitudes</subfield>
</datafield>
<datafield ind1=" " ind2=" " tag="653">
<subfield code="a">Transgender person</subfield>
</datafield>
<datafield ind1=" " ind2=" " tag="653">
<subfield code="a">Prejudice</subfield>
</datafield>
<datafield ind1=" " ind2=" " tag="653">
<subfield code="a">Gender identity</subfield>
</datafield>
<datafield ind1=" " ind2=" " tag="653">
<subfield code="a">Scale validation</subfield>
</datafield>
<datafield ind1=" " ind2=" " tag="653">
<subfield code="a">Higher education</subfield>
</datafield>
<datafield tag="245" ind1="0" ind2="0">
<subfield code="a">English Validation of a Short Scale Designed to Detect Negative Attitudes towards Trans People (EANT)</subfield>
</datafield>
</record></metadata></record></GetRecord></OAI-PMH>